| 000 | 01160nam a2200361 a 4500 | ||
|---|---|---|---|
| 001 | 4454723 | ||
| 003 | OSt | ||
| 005 | 20140310182836.0 | ||
| 008 | 951208s1996 txua 001 0 eng | ||
| 010 | _a 95067683 | ||
| 020 | _a9812540105 | ||
| 040 |
_aDLC _cDLC |
||
| 050 | 0 | 0 |
_aQD 75.22 _b.Sk628 2004 |
| 082 |
_28th ed. _aM 543.19 _bF96 2004 |
||
| 100 | 1 | _aSkoog, Douglas A. | |
| 245 | 1 | 0 |
_aFundamentals of analytical chemistry / _cSkoog, Douglas A.; West, Donal M.; Holer, James F.; Crouch, Stanley R. |
| 246 | 3 | 0 | _aAnalytical chemistry |
| 250 | _a8th ed. | ||
| 260 |
_aSingapore : _bBrooks/Core, _cc2004. |
||
| 300 |
_axix, 1051 p. _bill. ; _c24 cm. |
||
| 490 | 0 | _aSaunders golden sunburst series | |
| 500 | _aIncludes index. | ||
| 521 | _aCollege Students | ||
| 526 | _c1210L to 1700L | ||
| 541 | _j1 | ||
| 562 | _eFor Circulation. 1 Copy Available in the Collection | ||
| 650 | 0 | _aChemistry, Analytic. | |
| 700 | 1 | _aWest, Donald M. | |
| 700 | 1 | _aHoller, F. James. | |
| 906 |
_a7 _bcbc _corignew _d2 _eopcn _f19 _gy-gencatlg |
||
| 942 |
_2lcc _cBK _kM |
||
| 999 |
_c16742 _d16742 |
||